Ergasteria: Premises and Processes of Creation in Antiquity

محفوظ في:

مؤلفون آخرون: Partida, Elena C. (المحرر), Graml, Constanze (المحرر)

التنسيق: كتاب

منشور في: Oxford Archaeopress Publishing Ltd 2025

الوسوم: إضافة وسم

لا توجد وسوم, كن أول من يضع وسما على هذه التسجيلة!

رقم الطلب:

LEADER 00701namaa2200181 4500
001 9781803278254
003 UkOxAP
005 20260405155017.0
020 |a 9781803278261 
776 1 |x 9781803278254 
245 0 0 |a Ergasteria: Premises and Processes of Creation in Antiquity 
100 1 |a Partida, Elena C.  |e Editor  |l English 
700 1 |a Graml, Constanze  |e Editor  |l English 
856 4 2 |a http://library.arce.org:8087/Archaeopress/Products/9781803278261 
260 |a Oxford  |b Archaeopress Publishing Ltd  |c 2025 
270 |a Archaeopress Publishing Ltd, Summertown Pavillion, 18 -24 Middle Way, Summertown  |b Oxford  |d United Kingdom  |e OX2 7LG  |k 44-1865-311914  |m info@archaeopress.com 
942 |2 lcc  |c EBOOK 
999 |c 62109  |d 62109